Statistics for Name the members of Exo in age order

Click here to take the quiz!

General Stats

  • This quiz has been taken 7 times
  • The average score is 14 of 18

Answer Stats

Answer% Correct
Xiumin
100%
Baekhyun
83%
Byun Baek Hyun
83%
Chanyeol
83%
Chen
83%
D.O.
83%
Kai
83%
Lay
83%
Oh Se Hun
83%
Park Chan Yeol
83%
Sehun
83%
Suho
83%
Do Kyung Soo
67%
Kim Jong Dae
67%
Kim Jong In
67%
Kim Jun Myeon
67%
Kim Min Seok
67%
Zhang Yixing
67%

Score Distribution

Percentile by Number Answered

Percent of People with Each Score

Your Score History

You have not taken this quiz